000 01099cam a2200313 4500
001 1235255
003 ARRUPE
005 20211027114509.0
008 690408s1969 nyu b 000 0 eng
010 _a 69011864
040 _aDLC
_cDLC
_dDLC
043 _an-us---
050 0 0 _aE744
_b.C514
082 0 0 _a327.73
100 1 _aChomsky, Noam.
245 1 0 _aAmerican power and the new mandarins.
_cNoam Chomsky
260 _aNew York,
_bPantheon Books
_c[1969]
300 _a404 p.
_c22 cm.
350 _a7.95
504 _aIncludes bibliographical references.
650 0 _aWorld politics
_y20th century.
_937878
650 0 _aVietnam War, 1961-1975
_xPublic opinion.
_950746
650 0 _aIntellectuals
_xPolitical activity
_zUnited States
_xHistory
_y20th century.
_950747
650 0 _aPublic opinion
_zUnited States
_xHistory
_y20th century.
_912471
651 0 _aUnited States
_xForeign relations
_y20th century.
_950748
856 4 1 _3Table of contents
_uhttp://www.loc.gov/catdir/toc/fy052/69011864.html
906 _a7
_bcbc
_corignew
_du
_encip
_f19
_gy-gencatlg
942 _2lcc
_cMONOGRAPH
999 _c131008
_d131008